[Event "POL-chT 2st League"]
[Site "Mrzezyno"]
[Date "2010.09.06"]
[Round "3.57"]
[White "Tokarski, Bartosz"]
[Black "Meczynski, Waldemar"]
[Result "0-1"]
[WhiteElo "2158"]
[BlackElo "2114"]
[PlyCount "80"]
[EventDate "2010.09.04"]
[EventType "team-swiss"]
[EventRounds "9"]
[EventCountry "POL"]
[SourceTitle "EXT 2019"]
[Source "ChessBase"]
[SourceDate "2018.10.10"]
[SourceVersion "1"]
[SourceVersionDate "2018.10.10"]
[SourceQuality "1"]
[WhiteTeam "Jaworzno JKSz MCKiS"]
[BlackTeam "Konin Hetman"]
[WhiteTeamCountry "POL"]
[BlackTeamCountry "POL"]

1. e4 c5 2. Nf3 e6 3. d4 cxd4 4. Nxd4 Nf6 5. Nc3 Nc6 6. Ndb5 d6 7. Bf4 e5 8. Bg5 a6 9. Na3 b5 10. Nd5 Be7 11. Bxf6 Bxf6 12. c3 Bg5 13. Nc2 0-0 14. a4 bxa4 15. Rxa4 a5 16. Bc4 Bb7 17. 0-0 Kh8 18. Nce3 g6 19. Qd3 Rb8 20. g3 Ba8 21. b3 Qc8 22. f4 exf4 23. gxf4 Bh6 24. Ra2 Bg7 25. Rg2 Re8 26. Ng4 Qd8 27. f5 Ne5 28. Nxe5 Bxe5 29. Qh3 Rg8 30. fxg6 fxg6 31. Rf7 Rg7 32. Ne7 Bxe4 33. Rxg7 Kxg7 34. Nf5+ Kh8 35. Rxg6 Bxf5 36. Qxf5 hxg6 37. Qxg6 Qf6 38. Qh5+ Kg7 39. Bd3 Rg8 40. Bc4 Rh8 0-1

[Event "POL-chT 2nd League"]
[Site "Lublin"]
[Date "2006.09.05"]
[Round "4.105"]
[White "Meczynski, Waldemar"]
[Black "Sroka, Janusz"]
[Result "1-0"]
[WhiteElo "2150"]
[BlackElo "2093"]
[PlyCount "82"]
[EventDate "2006.09.02"]
[EventType "team-swiss"]
[EventRounds "9"]
[EventCountry "POL"]
[SourceTitle "EXT 2019"]
[Source "ChessBase"]
[SourceDate "2018.10.10"]
[SourceVersion "1"]
[SourceVersionDate "2018.10.10"]
[SourceQuality "1"]
[WhiteTeam "Poznan Polan"]
[BlackTeam "Gliwice Roszada"]
[WhiteTeamCountry "POL"]
[BlackTeamCountry "POL"]

1. e4 e5 2. Nf3 d6 3. d4 exd4 4. Nxd4 Nf6 5. Nc3 Be7 6. Bc4 0-0 7. f3 c6 8. Bb3 Re8 9. 0-0 Bf8 10. Bg5 Nbd7 11. a4 a5 12. Qd2 h6 13. Be3 Ne5 14. Kh1 Ng6 15. Bg1 Qc7 16. Rae1 Bd7 17. f4 Rad8 18. Rf3 d5 19. e5 Ne4 20. Nxe4 dxe4 21. Rxe4 c5 22. e6 Bxe6 23. Rxe6 fxe6 24. Nxe6 Rxe6 25. Bxe6+ Kh8 26. Qc1 Qe7 27. f5 Ne5 28. Rf1 Qh4 29. Qf4 Qxf4 30. Rxf4 Rd1 31. h3 Bd6 32. Re4 b6 33. Re3 h5 34. g4 c4 35. gxh5 Kh7 36. Bc8 c3 37. b3 Kh6 38. Bb7 Kg5 39. Rxc3 Kxf5 40. Rg3 g5 41. hxg6 Nxg6 1-0